| 000 | 00793nam a22003130a 4500 | ||
|---|---|---|---|
| 001 | PT57392 | ||
| 003 | AR-LpoUNG | ||
| 005 | 20210131231813.0 | ||
| 008 | 191001s2005||||ag |||||||||||||||||spa d | ||
| 020 |
_a9505639023 _c$39 |
||
| 040 |
_aAR-LpoUNG _bspa _cAR-LpoUNG _eaacr |
||
| 041 | _aspa | ||
| 044 | _aag | ||
| 082 | 0 | _aA864 252tem | |
| 100 | 1 | _aSastre, Marcos | |
| 245 | 1 | 3 | _aEl Tempe argentino |
| 250 | _a1ra. ed. | ||
| 260 |
_aBuenos Aires : _bBiblioteca Nacional - Colihue, _c2005. |
||
| 300 |
_a298 p. : _bil. |
||
| 650 | 4 | _aARGENTINA | |
| 650 | 4 | _aEDUCACION | |
| 650 | 4 | _aENSAYO | |
| 650 | 4 | _aLITERATURA | |
| 651 | 4 | _aDOCUMENTOS TEORICOS O METODOLOGICOS | |
| 653 | _aLITERATURA ARGENTINA | ||
| 700 | 1 |
_aBernatek, Carlos _eint. |
|
| 905 | _a57392 | ||
| 942 | _cLIB | ||
| 999 |
_c12036 _d12036 |
||